| 000 | 00872nam a2200265 i 4500 | ||
|---|---|---|---|
| 001 | bg | ||
| 003 | BPK | ||
| 005 | 20200428143120.0 | ||
| 008 | 950505s1976 pl f |000 0 pol | ||
| 040 | _cBPK | ||
| 041 | _apol | ||
| 080 | _a51 | ||
| 080 | _a(075.8) | ||
| 100 | 1 |
_aŻakowski, Wojciech _d(1929-1993) _eAutor |
|
| 245 | 1 | 0 |
_aMatematyka. _nCz. 4 / _cWojciech Żakowski, Wacław Leksiński. |
| 250 | _aWyd. 4. | ||
| 260 |
_aWarszawa : _bWydawnictwa Naukowo-Techniczne, _c1976. |
||
| 300 |
_a446 : _bil. ; _c24 cm. |
||
| 650 | 4 |
_aMatematyka _xszkoły wyższe. |
|
| 655 | 4 | _aPodręczniki akademickie | |
| 700 | 1 |
_aLeksiński, Wacław _d(1932- ). _eAutor |
|
| 710 |
_aWydawnictwa Naukowo-Techniczne _4pbl. |
||
| 856 |
_uhttp://koha.tu.koszalin.pl/cgi-bin/koha/opac-detail.pl?biblionumber=223 _yKatalog online BPK |
||
| 942 |
_cKS _2UKD |
||
| 999 |
_c223 _d223 |
||